000 00467nam a22001697a 4500
082 _aP-819
100 _aShafique, Muhammad Mohsin
_951656
245 _aIn house water recycling
_bSyn-20
260 _aRisalpur,
_bMCE,
_c2019.
300 _a82p.
_bill.
_c30cm.
526 _a0
_b0
_c0
_dP_819
700 _aAbid, Dr irfan
_951657
700 _aBurhan, Obaida Bin
_951658
700 _aHasan, Syed Hamza
_951659
700 _aHasan, Syed Saad
_951660
942 _2ddc
_cBK
999 _c554255
_d554255